000
00230nam a2200097Ia 4500
008
230907s9999||||xx |||||||||||||| ||und||
082
_a
620.103
_b
HIB
245
0
_a
Mechanics For Engineers:
260
_a
Pearson,
_c
2013
942
_c
BK
999
_c
599074
_d
599074